Logo Quiz #2 Poziom Średni - Statystyki

Ogólne statystyki
  • Ten quiz został rozwiązany 9 569 razy
  • Średni wynik to 27 z 32
Statystyki odpowiedzi
Obrazkowy Odpowiedź % Poprawnych
Pepsi
98%
Monster
97%
Apple
96%
Wikipedia
96%
Netflix
95%
Red Bull
95%
Android
94%
Doritos
94%
LG
93%
T-Mobile
93%
Twitter
93%
X-Box
93%
Pizza Hut
92%
Skoda Auto
92%
Spotify
92%
Gerber
91%
Shell
91%
Dove
87%
Excel
85%
Levi Strauss
85%
Subway
84%
BP
80%
Dell
80%
Intel
80%
Seat
79%
Domino's
78%
Gucci
77%
Monopoly
75%
Nerf
73%
Rolex
55%
Taco Bell
52%
WalMart
31%
Nie znaleziono quizów pasujących do podanych kryteriów
Rozkład punktacji
Procent ludzi z każdym wynikiem
Percentyl według liczby udzielonych odpowiedzi
Twoja historia wyników
Nie rozwiązałeś tego quizu